Después Caracas
Reflexión sobre el actuar del protagonista. Una mezcla de sensaciones salen a la luz mediante esta novela venezolana, en la que Juan Estable mantiene una estrecha amistad con Alejandro Giro (su otro yo) describiendo un viaje de transformaciones y exploraciones de su ser
Guardado en:
| Hovedforfatter: | |
|---|---|
| Format: | Bog |
| Sprog: | Undetermined |
| Udgivet: |
Caracas, Venezuela
Monte Avila Editores Latinoamericana
1995
|
| Fag: | |
| Tags: |
Tilføj Tag
Ingen Tags, Vær først til at tagge denne postø!
|
MARC
| LEADER | 00000nam a2200000Ia 4500 | ||
|---|---|---|---|
| 008 | 170316s9999 xx 000 0 und d | ||
| 040 | |a cru BVZT | ||
| 090 | |a 860 B-4.1d | ||
| 100 | |a Balza, José |9 972 | ||
| 245 | |a Después Caracas | ||
| 260 | |a Caracas, Venezuela | ||
| 260 | |b Monte Avila Editores Latinoamericana | ||
| 260 | |c 1995 | ||
| 300 | |a 291 páginas | ||
| 520 | |a Reflexión sobre el actuar del protagonista. Una mezcla de sensaciones salen a la luz mediante esta novela venezolana, en la que Juan Estable mantiene una estrecha amistad con Alejandro Giro (su otro yo) describiendo un viaje de transformaciones y exploraciones de su ser | ||
| 650 | |a LITERATURA LATINOAMERICANA |9 15 | ||
| 999 | |c 8466 |d 8466 | ||
| 942 | |c 15 D |h 860 B-4.1d |2 z | ||
